Ullmanns Encyklopädie der technischen Chemie

Bibliographische Detailangaben
Weitere Verfasser: Ullman F. Fritz
Sprache:Deutsch
Veröffentlicht: Weinheim, Verlag Chemie, 1972-1984
Ausgabe:4. Neubearbeitete und erweiterte Auflage
Format: MixedMaterials Buch
KOHA link:https://koha.lib.tpu.ru/cgi-bin/koha/opac-detail.pl?biblionumber=114523

MARC

LEADER 00000nam0a2200000 4500
001 114523
005 20231031122258.0
035 |a (RuTPU)RU\TPU\book\123836 
090 |a 114523 
100 |a 20070423d19721984km y0gery50 ba 
101 0 |a ger 
102 |a DE 
105 |a a f 001zy 
200 1 |a Ullmanns Encyklopädie der technischen Chemie  |f Chefredakteur F. Ullman 
205 |a 4. Neubearbeitete und erweiterte Auflage 
210 |a Weinheim  |c Verlag Chemie  |d 1972-1984 
702 1 |a Ullman  |b F.  |g Fritz  |4 651 
801 1 |a RU  |b 63413507  |c 20070423  |g PSBO 
801 2 |a RU  |b 63413507  |c 20131111  |g PSBO 
942 |c BK